000 01158nam0a22002771 4500
001 rc\4713828
005 20130416212531.4
021 _aRU
_b[68-63731]
035 _a(NLR Aleph) 008725766
090 _a9446082
_c9446082
100 _a20130416d1967 |||y0rusy50 ca
101 0 _arus
102 _aRU
105 _ay z |||||
200 1 _aПрофессиональная ориентация учащихся
_e(Краткое изложение материалов, поступивших на XV Всесоюз. "Пед. чтения" 1967 г.)
_fСост. А.Е. Голомшток, О.А. Аношина
_gАкад. пед. наук СССР. Науч.-исслед. ин-т производ. обучения
210 _aМосква
_cБ. и.
_d1967
215 _a64 с.
_d20
606 _aВыбор профессии
_jСборники
_2psbo
702 1 _aГоломшток
_bА. Е.
_4220
702 1 _aАношина
_bО. А.
_4220
712 0 2 _aНИИ произв. обучения
_cМосква
_3RU\NLR\AUTH\8810014708
801 0 _aRU
_bNLR
_gpsbo
801 1 _aRU
_bELAR
_2rusmarc
852 _aNLR
_j68-4/18693
942 _cBOOK
980 _aNB